The Battles of the prophet of ALLAH/ (Record no. 179195)
[ view plain ]
| 000 -LEADER | |
|---|---|
| fixed length control field | 00777 a2200193 4500 |
| 003 - CONTROL NUMBER IDENTIFIER | |
| control field | Nust |
| 005 - DATE AND TIME OF LATEST TRANSACTION | |
| control field | 20221228133057.0 |
| 040 ## - CATALOGING SOURCE | |
| Transcribing agency | Nust |
| 082 ## - DEWEY DECIMAL CLASSIFICATION NUMBER | |
| Classification number | 297.72, GUI |
| 100 ## - MAIN ENTRY--PERSONAL NAME | |
| Personal name | Gulzar Ahmed |
| 9 (RLIN) | 37486 |
| 245 ## - TITLE STATEMENT | |
| Title | The Battles of the prophet of ALLAH/ |
| Statement of responsibility, etc. | Brigadier (R) Gulzar Ahmed |
| 250 ## - EDITION STATEMENT | |
| Edition statement | Vol : II |
| 260 ## - PUBLICATION, DISTRIBUTION, ETC. | |
| Place of publication, distribution, etc. | Rwp GHQ |
| Name of publisher, distributor, etc. | Army education Press |
| 300 ## - PHYSICAL DESCRIPTION | |
| Extent | 282:pages |
| 505 ## - FORMATTED CONTENTS NOTE | |
| Formatted contents note | The Period of Consolidation (Page-35), The Peace Treaty of Hunday biya (Page-61), The Battle of Khayber (Page-85), Invitations to Neighbouring Rulers (Page-109), The Battle of Mowta (Page-129), Embassies to Madina and Gazwe-e- Tabuk (Page-197), The Mission is Fulfilled A Prayer (Page-215). |
| 600 ## - SUBJECT ADDED ENTRY--PERSONAL NAME | |
| Personal name | Gulzar Ahmed |
| 9 (RLIN) | 37486 |
| 650 ## - SUBJECT ADDED ENTRY--TOPICAL TERM | |
| Topical term or geographic name entry element | Prophet Of ALLAH |
| 9 (RLIN) | 106217 |
| 942 ## - ADDED ENTRY ELEMENTS (KOHA) | |
| Source of classification or shelving scheme | |
| Koha item type | Book |
| Withdrawn status | Lost status | Source of classification or shelving scheme | Damaged status | Not for loan | Permanent Location | Current Location | Shelving location | Date acquired | Full call number | Barcode | Date last seen | Price effective from | Koha item type | Public note |
|---|---|---|---|---|---|---|---|---|---|---|---|---|---|---|
| Military College of Signals (MCS) | Military College of Signals (MCS) | General Stacks | 12/12/2016 | 297.72,GUL | MCS20893 | 12/08/2016 | 12/12/2016 | Book | Almirah No.73, Shelf No.3 | |||||
| Military College of Signals (MCS) | Military College of Signals (MCS) | General Stacks | 12/12/2016 | 297.72,GUL | MCS20894 | 12/08/2016 | 12/12/2016 | Book | Almirah No.47, Shelf No.5 | |||||
| Military College of Signals (MCS) | Military College of Signals (MCS) | General Stacks | 12/12/2016 | 297.72,GUL | MCS20898 | 12/08/2016 | 12/12/2016 | Book | Almirah No.73, Shelf No.3 |
